00367nam a2200133Ia 4500008004100000020001500041041001200056100001600068245008000084260003300164300000900197650001000206700001700216221030s9999 xx 000 0 und d a8188114057 aEnglish aG. G. Bhise 0aEngineering Networks Analysis & Filter Designcby G. G. Bhise, P. R. Chadha bUmersh Pub.aNew Delhic2008 a1071 aBB EE aP. R. Chadha